Všeobecná zootechnika. (Základné kapitoly)

Bibliographic Details
Main Authors: Pšenica, Ján, 1930-2022 (Author), Gavalier, Michal (Author), Psota, Tibor, 1933- (Author), Rybanská, Margita (Author), Uhlár, Jozef, 1932- (Author)
Format: Book
Language:Slovak
PhysicalDescription:218 s. sch., tab. 30 cm
Published: V Nitre Slovenská poľnohospodárska univerzita 1999
ISBN:8071375640
Edition:2. upr. a dopl. vyd.
Subjects:

MARC

LEADER 00000nam a2200000 a 4500
001 vtls001359776
003 SK-MaSNL
005 20260301010634.0
008 240226s1999 xo p r y slo
015 |a SNBA1999/07-02448 
020 |a 8071375640  |c 85,00 Sk 
035 |a SNK000313315 
035 |a urn:nbn:sk:snk-amyhol 
035 |a urn:nbn:sk:snk-am00cknv 
035 |a CD38CE5E-6C62-4AE3-B25A-2612DBE24176 
040 |a SNK  |b slo  |c SNK  |e AACR2 
041 0 |a slo 
044 |a xo  |c SK 
080 |a 636.08(075.8)  |2 1981 
245 0 |a Všeobecná zootechnika. (Základné kapitoly)  |c J. Pšenica ... [et al.] 
250 |a 2. upr. a dopl. vyd. 
260 |a V Nitre  |b Slovenská poľnohospodárska univerzita  |c 1999 
300 |a 218 s.  |b sch., tab.  |c 30 cm 
500 |a 800 výt. 
650 0 7 |a zootechnika  |2 SNK  |9 68200 
655 7 |a učebnice vysokých škôl  |2 SNKPH  |9 70191 
700 1 |a Pšenica, Ján,  |d 1930-2022  |4 aut  |9 39327 
700 1 |a Gavalier, Michal  |4 aut  |9 7458 
700 1 |a Psota, Tibor,  |d 1933-  |4 aut  |9 39551 
700 1 |a Rybanská, Margita  |4 aut  |9 9182 
700 1 |a Uhlár, Jozef,  |d 1932-  |4 aut  |9 38845 
752 |a Nitra 
919 |a 80-7137-564-0 
958 |a TL 
958 |a UV 
999 |c 548697  |d 550627 
952 |t P60, <03>, [BOOK], {603}  |a SNK  |b SNK  |y PREZ  |7 0  |p 17A0189305  |o snkSB 60055  |i snkKSP 3877/99  |0 0  |1 0  |4 0  |d 1999-04-12  |f 1  |l 0  |r 2025-04-09 00:00:00  |w 2026-02-23 
952 |t P60, <04>, [BOOK], {604}  |a SNK  |b SNK  |y VYP  |7 0  |p 17A0189306  |o snkSB 60055 D1  |i snkKSP 3878/99  |0 0  |1 0  |4 0  |d 1999-04-12  |l 0  |r 2005-01-02 00:00:00  |w 2026-02-23